[Event "FICGS theme 0000 email"]
[Site "FICGS email"]
[Date "2007.01.10"]
[Round "1"]
[White "Child, Kieran"]
[Black "Porkolab, Sandor"]
[Result "0-1"]
[WhiteElo "1600"]
[BlackElo "2000"]
[PlyCount "48"]
[EventDate "2007.??.??"]
[EventType "swiss (corr)"]
[EventRounds "1"]
[SourceTitle "Corr 2022"]
[Source "ChessBase"]
[SourceDate "2021.10.24"]
[SourceVersion "1"]
[SourceVersionDate "2021.10.24"]
[SourceQuality "1"]

1. Nf3 d5 2. e4 dxe4 3. Ng5 e6 4. Nxe4 Nf6 5. Nbc3 Nc6 6. Bb5 Nxe4 7. Nxe4 Qd5 8. Qe2 f5 9. Qh5+ Kd7 10. Qf7+ Be7 11. Bxc6+ bxc6 12. Ng3 Ba6 13. d4 Raf8 14. Qxg7 Rhg8 15. Qxh7 Qxg2 16. d5 cxd5 17. Be3 Rh8 18. Qg7 Rfg8 19. Qd4 Rh4 20. Qxa7 Rxg3 21. 0-0-0 Rxe3 22. fxe3 Rc4 23. c3 Rxc3+ 24. Kb1 Qc2+ 0-1

[Event "FICGS theme 0000 email"]
[Site "FICGS email"]
[Date "2007.01.10"]
[Round "1"]
[White "Sert, Ferdi"]
[Black "Child, Kieran"]
[Result "0-1"]
[WhiteElo "1397"]
[BlackElo "1600"]
[PlyCount "40"]
[EventDate "2007.??.??"]
[EventType "swiss (corr)"]
[EventRounds "1"]
[SourceTitle "Corr 2022"]
[Source "ChessBase"]
[SourceDate "2021.10.24"]
[SourceVersion "1"]
[SourceVersionDate "2021.10.24"]
[SourceQuality "1"]

1. Nf3 d5 2. e4 dxe4 3. Ng5 Qd5 4. d4 Nc6 5. Be3 e5 6. Nc3 Bb4 7. dxe5 Qxe5 8. Qd2 Bf5 9. Bc4 Rd8 10. Bxf7+ Kf8 11. 0-0-0 Rxd2 12. Rxd2 h6 13. Bxg8 Rxg8 14. Nh3 Bxh3 15. gxh3 Bxc3 16. bxc3 Qxc3 17. Kb1 Na5 18. Rd8+ Kf7 19. Bd4 Qb4+ 20. Kc1 Rxd8 0-1

[Event "FICGS class D 000025 email"]
[Site "FICGS email"]
[Date "2007.01.09"]
[Round "1"]
[White "Child, Kieran"]
[Black "Behrmann, Klaus"]
[Result "0-1"]
[WhiteElo "1600"]
[BlackElo "1775"]
[PlyCount "52"]
[EventDate "2007.??.??"]
[EventType "tourn (corr)"]
[EventRounds "6"]
[SourceTitle "Corr 2022"]
[Source "ChessBase"]
[SourceDate "2021.10.24"]
[SourceVersion "1"]
[SourceVersionDate "2021.10.24"]
[SourceQuality "1"]

1. Nf3 d5 2. e4 dxe4 3. Ng5 Nf6 4. Nc3 Bg4 5. Be2 Bf5 6. Bc4 e6 7. f3 c6 8. fxe4 Nxe4 9. Ncxe4 Bxe4 10. Nxf7 Kxf7 11. 0-0+ Ke8 12. d4 Qd7 13. Re1 Bd5 14. Bd3 b5 15. Bf4 c5 16. Qh5+ Kd8 17. Qg5+ Kc8 18. c3 c4 19. Be2 Nc6 20. b3 Ba3 21. bxc4 bxc4 22. Rab1 h6 23. Qh5 Rf8 24. Bg3 Rf5 25. Qh3 Rf6 26. Bg4 Bd6 0-1

[Event "FICGS class D 000025 email"]
[Site "FICGS email"]
[Date "2007.01.09"]
[Round "1"]
[White "Child, Kieran"]
[Black "Bullerkotte, Frank"]
[Result "0-1"]
[WhiteElo "1600"]
[BlackElo "1700"]
[PlyCount "50"]
[EventDate "2007.??.??"]
[EventType "tourn (corr)"]
[EventRounds "6"]
[SourceTitle "Corr 2022"]
[Source "ChessBase"]
[SourceDate "2021.10.24"]
[SourceVersion "1"]
[SourceVersionDate "2021.10.24"]
[SourceQuality "1"]

1. Nf3 d5 2. e4 dxe4 3. Ng5 Bf5 4. Nc3 Nf6 5. Bc4 e6 6. f3 Bc5 7. fxe4 Bxe4 8. Ngxe4 Nxe4 9. Qg4 Nf2 10. Qxg7 Bd4 11. Qxh8+ Bxh8 12. Rf1 Ng4 13. Rf4 Ne5 14. Bb5+ c6 15. Be2 Ng6 16. Re4 Qb6 17. Re3 Na6 18. a3 0-0-0 19. g3 Bd4 20. Rf3 Bxc3 21. dxc3 Qg1+ 22. Rf1 Qxh2 23. Be3 Qxg3+ 24. Bf2 Qe5 25. Bd4 Qe4 0-1

[Event "FICGS class D 000025 email"]
[Site "FICGS email"]
[Date "2007.01.09"]
[Round "1"]
[White "Woodcock, Graham"]
[Black "Child, Kieran"]
[Result "0-1"]
[WhiteElo "1400"]
[BlackElo "1600"]
[PlyCount "56"]
[EventDate "2007.??.??"]
[EventType "tourn (corr)"]
[EventRounds "6"]
[SourceTitle "Corr 2022"]
[Source "ChessBase"]
[SourceDate "2021.10.24"]
[SourceVersion "1"]
[SourceVersionDate "2021.10.24"]
[SourceQuality "1"]

1. e4 e5 2. d4 Qh4 3. Nc3 Bb4 4. Qd3 Nf6 5. Bd2 Bxc3 6. Qxc3 Nxe4 7. g3 Qf6 8. Qe3 Nxd2 9. Qxd2 Qc6 10. f3 Qb6 11. c3 exd4 12. cxd4 0-0 13. Nh3 Re8+ 14. Be2 d6 15. Ng5 h6 16. Ne4 Bf5 17. Nc3 Nc6 18. Nd5 Qxd4 19. Nxc7 Bd3 20. 0-0-0 Qc4+ 21. Qc3 Qxc3+ 22. bxc3 Bxe2 23. Rhe1 Bxd1 24. Nxe8 Bxf3 25. Nxd6 Rb8 26. Rf1 Ne5 27. Re1 Nd3+ 28. Kd2 Nxe1 0-1

[Event "FICGS class E 000028 email"]
[Site "FICGS email"]
[Date "2007.01.07"]
[Round "1"]
[White "Child, Kieran"]
[Black "Murray, Grant"]
[Result "1-0"]
[WhiteElo "1600"]
[BlackElo "1300"]
[PlyCount "45"]
[EventDate "2007.??.??"]
[EventType "tourn (corr)"]
[EventRounds "5"]
[SourceTitle "Corr 2022"]
[Source "ChessBase"]
[SourceDate "2021.10.24"]
[SourceVersion "1"]
[SourceVersionDate "2021.10.24"]
[SourceQuality "1"]

1. Nf3 d5 2. e4 c6 3. Nc3 Nf6 4. e5 Ne4 5. Be2 Bg4 6. h3 Bxf3 7. Bxf3 Nxc3 8. dxc3 e6 9. 0-0 Nd7 10. Bf4 f6 11. Qe2 Bc5 12. exf6 Nxf6 13. Qxe6+ Qe7 14. Rfe1 Qxe6 15. Rxe6+ Kf7 16. Rae1 Rhe8 17. Rxe8 Nxe8 18. b4 Bb6 19. b5 Nf6 20. c4 dxc4 21. bxc6 bxc6 22. Bxc6 Rd8 23. g3 1-0